| 000 | 00416 a2200157 4500 | ||
|---|---|---|---|
| 020 | _a0070390649 | ||
| 040 | _aDLC | ||
| 082 | 0 | 0 | _a808.51 |
| 100 | 1 | _aLucas, Stephen, | |
| 245 | 1 | 4 |
_aThe art of public speaking _cStephen E. Lucas. |
| 250 | _a6th ed. | ||
| 260 |
_aBoston, Mass. : _bMcGraw-Hill, _cc1998. |
||
| 300 |
_axxv, 478, 26, 8 p. : _bill. ; _c24 cm. |
||
| 650 | 0 | _aPublic speaking. | |
| 942 |
_cBK _k808.51 LUC _2ddc |
||
| 999 |
_c4955 _d4955 |
||